01535nam a2200277Ia 450000500170000000800410001702000230005804000140008104100080009508200160010310000200011924500960013926000420023530000550027750001670033265000470049970000360054694200450058294200140062799900190064195200940066095201260075495201260088095201260100695201250113220250115152654.0220726s9999 xx a 000 1 NSO d a9781920162429qpbk aRDAc3228 2NSO aNSO JF HADI aHadithi, Mwenye 0aKolobe ye botse ya tonace ngwadilwe ke Mwenye Hadithi ; e tlhatlhilwe ke Adrienne Kennaway aSouth Africa,bPan Macmillan c 2009. a[unnumbered pages] bcolor illustrations ; c22cm. aNorthern Sotho translation from the English of: Handsome Hog. London : Hodder Children's Books, 2009. Also available in other official South African languages.  aChildren's stories; Northern Sotho9190809 aKennaway, AdrienneeIllustrator w561xJohn Tresiddery175zNaomi Ntsimane cBOOK2ddc c728480d728479 00104070aLEBOLbLEBOLd2022-07-26l0oSOTHO KF HADIp31314r2022-07-26w2022-07-26yBK 00102ddc40708FaSTANRLbNTHOLcCHILDd2025-01-15g150.00l0oNSO JF HADIp3322803186900r2025-01-15w2025-01-15yBOOK 00102ddc40708FaSTANRLbEMBALcCHILDd2025-01-15g150.00l0oNSO JF HADIp3322803186898r2025-01-15w2025-01-15yBOOK 00102ddc40708FaSTANRLbBETHLcCHILDd2025-01-15g150.00l0oNSO JF HADIp3322803186899r2025-01-15w2025-01-15yBOOK 00102ddc40708FaSTANRLbSECLcCHILDd2025-08-21g180.00l0oNSO JF HADIp3228200045967r2025-08-21w2025-08-21yBOOK